00981nam a2200277 i 4500001001000000003000900010005001700019007000300036008004100039040003000080041000800110082002400118100003300142245009700175264008600272300002800358336002700386337003300413338002800446490002200474500006300496650002400559650002700583700004200610710005100652000011112DO-SdBNP20250717074015.0ta091014t1985 dr 001 p spa d aDO-SdBNPbspacBNPHUerda hspa 4aRD861.44bP426m2221 a Peralta, Abil,eautor4aut.10aManifiesto para el tiempo :bpoemas /cAbil Peralta Agüero ; prólogo, Víctor Villegas. 4aSanto Domingo :bBiblioteca Nacional Pedro Henríquez Ureña (BNPHU), c©1985. a138 páginas ;c21 cm. atextobtxt2rdacontent asin mediaciónbn2rdamedia avolumenbnc2rdacarrier0 aColección Orfeo aIncluye datos biográficos del autor en la contracubierta 7aPoesía dominicana 7aLiteratura dominicana.1 aVillegas, Víctor,eprologuista4pr.2 aBiblioteca Nacional Pedro Henríquez Ureña